00856nam a22002177a 4500003000500000005001700005008004100022010001100063011001100074035001100085040000900096100003200105245012700137260004000264500006000304502010400364650005500468650002500523650002600548856006400574CHAP20220329143929.0060912s2012 mx r 00010 spa d a103870 a104842 a115532 cCHAP1 aCrispín Fuentes, Leticia.10aProceso organizativo de la integradora de piloncillo en la Huasteca Potosinah[En línea]c/por Leticia Crispín Fuentes aChapingo, Méx. :bEl autor,c2012 aPara ver el contenido del material haga clic en la liga aTesis (M.C. en Desarrollo Rural Regional) -- UACH. Dirección de Centros Regionales Universitarios14aCaña de azúcarxSubproductoszSan Luis Potosi.14aPiloncilloxCalidad.14aPiloncilloxMercadeo. 3Finding aiduhttp://10.13.5.2/tesis/115532.pdfzTeclea aqui